=LDR 00000nam 2200000 4500 =001 INLIS000000000021875 =005 20221019091204 =035 ##$$a 0010-061300000021875 =008 221019################g##########0#ind## =041 ##$$a Ind =082 ##$$a 331.11 =090 ##$$a 304.2 Ndr p =100 ##$$a Ndraha, Taliziduhu =245 1#$$a Pengantar teori pengembangan sumber daya manusia /$c Taliziduhu Ndraha =260 ##$$a Jakarta :$b Rineka Cipta,$c 1999 =300 ##$$a xiii, 332 hlm. : $b ilus. ; $c 20 x 14 cm. =650 #4$$a Sumber Daya Manusia =850 ##$$a NBPNMAT =084 ##$$a 331.11 NDR p =020 ##$$a 967-518-749-x =250 ##$$a cet, 1 =504 ##$$a Bibliografi ;324-332 =990 ##$$a 153.577/pro-92 =990 ##$$a 01201807387